000 01490cam a2200169 4500500
005 20260322005601.0
041 _afre
042 _adc
100 1 0 _ade Charentenay, Pierre
_eauthor
245 0 0 _aL'Afrique dans les marges
260 _c2005.
500 _a18
520 _aDepuis 2023, les Archives Institut Jean-Jacques Rousseau de l’université de Genève mettent à disposition des chercheurs un fonds d’archives dédié à Jacques Pain (1943-2021), ancien professeur des universités en sciences de l’éducation de l’université de Nanterre et figure emblématique de la pédagogie institutionnelle. Cet article se propose de revenir sur un des documents conservés dans ce fonds pour rendre compte de la manière dont la discipline des sciences de l’éducation s’est déployée après mai 68 dans ce contexte spécifique.
520 _aSince 2023, the Archives Institut Jean-Jacques Rousseau at the University of Geneva have made available to researchers an archival collection dedicated to Jacques Pain (1943–2021), former professor of education sciences at Paris Nanterre University and an emblematic figure of institutional pedagogy. This article examines one of the documents held in this collection to illustrate how education sciences developed after May 1968 in this specific context.
786 0 _nÉtudes | 402 | 2 | 2005-02-01 | p. 149-152 | 0014-1941
856 4 1 _uhttps://shs.cairn.info/revue-etudes-2005-2-page-149?lang=fr&redirect-ssocas=7080
999 _c1749669
_d1749669